[Event "53rd World U20 ch"]
[Site "Pune IND"]
[Date "2014.10.10"]
[Round "5.49"]
[White "Sahoo, Utkal Ranjan"]
[Black "Gandhi, Anish"]
[Result "0-1"]
[WhiteElo "2170"]
[BlackElo "2068"]
[EventDate "2014.10.06"]
[PlyCount "88"]

1.d4 d5 2.Nf3 Nf6 3.c4 c6 4.e3 Bf5 5.Nc3 e6 6.Bd3 Bxd3 7.Qxd3 Nbd7 8.O-O 
Be7 9.e4 dxe4 10.Nxe4 Nxe4 11.Qxe4 Nf6 12.Qe2 O-O 13.Bg5 Qb6 14.Rad1 Rad8 
15.Rfe1 h6 16.Bh4 Rd7 17.Rd3 Rfd8 18.Red1 Nh5 19.Bg3 Nxg3 20.hxg3 Bf6 21.
Rb3 Qa6 22.Ra3 Qb6 23.c5 Qb4 24.Rb3 Qa5 25.Ra3 Qb4 26.Rb3 Qa5 27.Ra3 Qc7 
28.Rad3 Rd5 29.b4 Qd7 30.Qe4 e5 31.Re1 exd4 32.g4 b6 33.cxb6 axb6 34.Rdd1 
c5 35.Nd2 d3 36.Qf3 Bc3 37.bxc5 bxc5 38.Re4 Bxd2 39.Rxd2 Rd4 40.Qf4 c4 41.
Rd1 c3 42.Rxd4 Qxd4 43.Qc1 c2 44.Rd2 Rb8 0-1

[Event "53rd World U20 ch"]
[Site "Pune IND"]
[Date "2014.10.10"]
[Round "5.50"]
[White "Rakesh, Kumar Jena"]
[Black "Krishna Teja, N."]
[Result "1-0"]
[WhiteElo "2164"]
[BlackElo "2049"]
[EventDate "2014.10.06"]
[PlyCount "77"]

1.e4 e6 2.d4 d5 3.Nd2 dxe4 4.Nxe4 Bd7 5.Nf3 Bc6 6.Bd3 Nd7 7.c3 Ngf6 8.
Nxf6+ Nxf6 9.Qe2 Bxf3 10.Qxf3 Qd5 11.Qxd5 Nxd5 12.a3 c6 13.Ke2 h5 14.h3 g6
15.Re1 Bh6 16.Kf1 Bxc1 17.Raxc1 Nf4 18.Be4 h4 19.b4 a5 20.b5 cxb5 21.Rb1 
Rh5 22.Bxb7 Rb8 23.Bf3 Rf5 24.c4 Kd7 25.Re3 Nh5 26.Reb3 Nf6 27.cxb5 Rf4 
28.Rd3 Kd6 29.b6 Rf5 30.Rc3 Nd7 31.Rc6+ Ke7 32.b7 Kd8 33.Rbc1 Rxf3 34.Rc8+
Ke7 35.Rxb8 Rb3 36.Rc7 Kd6 37.Rbc8 Nb8 38.Rxf7 Na6 39.Ra8 1-0

[Event "53rd World U20 ch"]
[Site "Pune IND"]
[Date "2014.10.10"]
[Round "5.51"]
[White "Praggnanandhaa, R."]
[Black "Pastar, Slaven"]
[Result "1-0"]
[WhiteElo "1836"]
[BlackElo "2159"]
[EventDate "2014.10.06"]
[PlyCount "45"]

1.e4 c5 2.Nf3 e6 3.Nc3 a6 4.a4 Nc6 5.Be2 d5 6.exd5 exd5 7.d4 c4 8.O-O Bf5 
9.Re1 Be7 10.Bf4 Nf6 11.Bxc4 dxc4 12.d5 Nb4 13.d6 Bxc2 14.Qd2 Ng8 15.Nd5 
Nd3 16.Nc7+ Kf8 17.dxe7+ Nxe7 18.Nxa8 Nd5 19.Qxc2 N5xf4 20.Qxc4 Qxa8 21.
Red1 Ne2+ 22.Kf1 Ndf4 23.Ne5 1-0

[Event "53rd World U20 ch"]
[Site "Pune IND"]
[Date "2014.10.10"]
[Round "5.52"]
[White "Yogesh, Gautam"]
[Black "Saim, Mohamed Ilias"]
[Result "1-0"]
[WhiteElo "2144"]
[BlackElo "2040"]
[EventDate "2014.10.06"]
[PlyCount "143"]

1.e4 d6 2.d4 Nf6 3.f3 c6 4.c4 e5 5.d5 g6 6.Bg5 Bg7 7.Qd2 O-O 8.Nc3 Qb6 9.
Nge2 Na6 10.h4 h5 11.O-O-O Nc5 12.g3 a5 13.Kb1 a4 14.Nc1 a3 15.b3 Re8 16.
Be2 Bd7 17.g4 Kh7 18.Qe3 Qa5 19.Rhg1 cxd5 20.Nxd5 Nxd5 21.Rxd5 Re6 22.gxh5
gxh5 23.Rgd1 Qc7 24.Nd3 Nxd3 25.Qxd3 f6 26.Be3 Bf8 27.f4 Bc6 28.Qc2 Qf7 
29.Rg1 Kh8 30.f5 Bxd5 31.fxe6 Bxe6 32.Qd1 Qh7 33.Ka1 Bf7 34.Bf3 Be7 35.Qe2
Rg8 36.Rxg8+ Kxg8 37.Bc1 f5 38.Bxa3 f4 39.Bb4 Kf8 40.Qd1 Qg6 41.Kb2 Kg7 
42.a4 Be8 43.Be1 Bc6 44.Qe2 Kh6 45.Qg2 Qe8 46.a5 Bd7 47.Be2 Be6 48.Bd3 Qc8
49.Qf2 Qg8 50.Kc3 Qd8 51.b4 Bf6 52.Kb3 Qd7 53.Qa7 Qc6 54.Qb6 Qxb6 55.axb6 
Kg7 56.Ka4 Kf7 57.c5 Bd7+ 58.Bb5 Bxb5+ 59.Kxb5 dxc5 60.bxc5 Ke8 61.c6 Be7 
62.Bb4 f3 63.cxb7 f2 64.b8=Q+ Kf7 65.Qc7 f1=Q+ 66.Qc4+ Qxc4+ 67.Kxc4 Bd8 
68.b7 Bc7 69.Kd5 Ke8 70.Bd6 Kd7 71.Bxc7 Kxc7 72.Kxe5 1-0

[Event "53rd World U20 ch"]
[Site "Pune IND"]
[Date "2014.10.10"]
[Round "5.53"]
[White "Pranavananda, V."]
[Black "Chaithanyaa, K. G."]
[Result "0-1"]
[WhiteElo "2136"]
[BlackElo "2029"]
[EventDate "2014.10.06"]
[PlyCount "84"]

1.e4 c5 2.Nf3 a6 3.c3 d6 4.d4 Qc7 5.a4 g6 6.Bd3 Bg7 7.Nbd2 Nf6 8.O-O O-O 
9.b4 cxb4 10.cxb4 Nc6 11.Qb3 Nh5 12.Bb2 Nf4 13.b5 Na5 14.Qa3 Qd7 15.Rfd1 
Qg4 16.Ne1 f5 17.f3 Nh3+ 18.Kf1 Qf4 19.e5 dxe5 20.dxe5 Qxh2 21.gxh3 f4 22.
Qa2+ Rf7 23.e6 Bxb2 24.exf7+ Kf8 25.Ng2 Qh1+ 26.Ke2 Qxg2+ 27.Ke1 Bf6 28.
Rdc1 Bxh3 29.Nf1 Qxf3 30.Qe2 Qxe2+ 31.Bxe2 Nb3 32.bxa6 bxa6 33.Bf3 Nxc1 
34.Rxc1 Rc8 35.Rb1 Kxf7 36.Bb7 Rc2 37.Bxa6 Bg4 38.Nd2 Bh4+ 39.Kf1 Rxd2 40.
Bc4+ Kg7 41.a5 Bf3 42.a6 Rh2 0-1

[Event "53rd World U20 ch"]
[Site "Pune IND"]
[Date "2014.10.10"]
[Round "5.54"]
[White "Nishant, Malhotra"]
[Black "Taalaibekov, Tagir"]
[Result "1-0"]
[WhiteElo "2129"]
[BlackElo "1948"]
[EventDate "2014.10.06"]
[PlyCount "95"]

1.d4 Nf6 2.c4 e6 3.Nc3 Bb4 4.a3 Bxc3+ 5.bxc3 c5 6.d5 d6 7.f3 O-O 8.e4 e5 
9.Be3 Ne8 10.Bd3 a6 11.Ne2 f5 12.exf5 Bxf5 13.Bxf5 Rxf5 14.O-O Rf7 15.Ng3 
b5 16.Ne4 h6 17.Qe2 Qa5 18.f4 Nd7 19.fxe5 Nxe5 20.Rxf7 Nxf7 21.Rf1 Qc7 22.
Bf4 Qd7 23.Rb1 Nc7 24.Qf3 Re8 25.cxb5 axb5 26.Rd1 Kh8 27.h3 c4 28.Ng3 Na6 
29.Rf1 Nc5 30.Be3 Ne5 31.Qh5 Kg8 32.Bd4 Ncd3 33.Ne4 Rf8 34.Rxf8+ Kxf8 35.
Qe2 Qf7 36.Nxd6 Qxd5 37.Nf5 Qe6 38.Qe4 Qf6 39.Qa8+ Kf7 40.Qb7+ Kg6 41.Ne7+
Kh7 42.Qe4+ g6 43.Nd5 Qd6 44.Nf4 Qc6 45.Qe3 Qd6 46.Nxd3 cxd3 47.Bxe5 d2 
48.Qa7+ 1-0

[Event "53rd World U20 ch"]
[Site "Pune IND"]
[Date "2014.10.10"]
[Round "5.55"]
[White "Fisher, William"]
[Black "Sudarshan, Malga"]
[Result "1/2-1/2"]
[WhiteElo "2313"]
[BlackElo "2007"]
[EventDate "2014.10.06"]
[PlyCount "52"]

1.e4 e5 2.Nf3 Nc6 3.Bb5 Nf6 4.d3 Bc5 5.O-O d6 6.h3 a6 7.Bxc6+ bxc6 8.Nbd2 
O-O 9.Nc4 Be6 10.Ne3 Qd7 11.Bd2 h6 12.b3 Kh8 13.c4 Rg8 14.Nh2 Nh7 15.Qh5 
Raf8 16.Nhg4 f5 17.exf5 Bxf5 18.Nxf5 Rxf5 19.Qh4 Bd4 20.Rae1 Qf7 21.Re2 
Nf8 22.Qg3 Ne6 23.Re4 Nc5 24.Re2 Ne6 25.Re4 Nc5 26.Re2 Ne6 1/2-1/2

[Event "53rd World U20 ch"]
[Site "Pune IND"]
[Date "2014.10.10"]
[Round "5.56"]
[White "Muthaiah, A. L."]
[Black "Verhelst, Joris"]
[Result "1-0"]
[WhiteElo "2215"]
[BlackElo "2042"]
[EventDate "2014.10.06"]
[PlyCount "37"]

1.d4 d5 2.Nf3 Nf6 3.Bf4 e6 4.e3 Bd6 5.Nbd2 O-O 6.Ne5 c6 7.Bd3 Qc7 8.Qf3 
Nbd7 9.Qg3 Nh5 10.Bxh7+ Kxh7 11.Qh4 g6 12.g4 Nf6 13.gxh5 Nxh5 14.Rg1 c5 
15.O-O-O cxd4 16.Ndf3 d3 17.c3 Bxe5 18.Nxe5 Qd8 19.Rg5 1-0

[Event "53rd World U20 ch"]
[Site "Pune IND"]
[Date "2014.10.10"]
[Round "5.57"]
[White "Nazario, Marc Christian"]
[Black "Abhijith, M."]
[Result "1/2-1/2"]
[WhiteElo "2029"]
[BlackElo "2126"]
[EventDate "2014.10.06"]
[PlyCount "81"]

1.d4 e6 2.Nf3 Nf6 3.g3 c5 4.Bg2 Be7 5.O-O O-O 6.c4 d5 7.cxd5 exd5 8.dxc5 
Bxc5 9.Nbd2 Nc6 10.Nb3 Bb6 11.Nbd4 Bd7 12.Be3 Re8 13.Rc1 Ne4 14.Qd3 Qf6 
15.Nc2 Qxb2 16.Rb1 Qc3 17.Bxb6 axb6 18.Rxb6 Rxa2 19.Qxd5 Be6 20.Qxe4 Qxc2 
21.Qxc2 Rxc2 22.e3 Bc8 23.Rd1 Rd8 24.Rxd8+ Nxd8 25.Bf1 g6 26.Kg2 Rc7 27.
Ne5 Nc6 28.Nd3 Kg7 29.h4 Nb8 30.Be2 Nd7 31.Rd6 Nc5 32.Nf4 Bd7 33.g4 Bc6+ 
34.Bf3 Rd7 35.Rxd7 Nxd7 36.h5 Bxf3+ 37.Kxf3 Ne5+ 38.Kg3 b5 39.hxg6 hxg6 
40.Nd5 Nc6 41.Kf4 1/2-1/2

[Event "53rd World U20 ch"]
[Site "Pune IND"]
[Date "2014.10.10"]
[Round "5.58"]
[White "Senthil, Maran K."]
[Black "Dhulipalla, Bala Chandra Prasad"]
[Result "0-1"]
[WhiteElo "2043"]
[BlackElo "2118"]
[EventDate "2014.10.06"]
[PlyCount "68"]

1.d4 Nf6 2.Nf3 g6 3.g3 Bg7 4.Bg2 O-O 5.c4 d6 6.O-O Nc6 7.Nc3 a6 8.h3 Bd7 
9.e4 e5 10.dxe5 Nxe5 11.Nxe5 dxe5 12.Qe2 Be6 13.Bg5 Qc8 14.Kh2 c6 15.Na4 
Nd7 16.c5 f6 17.Be3 Re8 18.f4 exf4 19.Bxf4 Qd8 20.Rad1 Qa5 21.b3 Ne5 22.
Rd6 Nf7 23.Rdd1 Rad8 24.Bf3 f5 25.Qc2 Ne5 26.Be2 fxe4 27.Qxe4 Bxb3 28.Rxd8
Qxd8 29.Qb4 Bd5 30.Qxb7 Nf3+ 31.Bxf3 Bxf3 32.Qb3+ Bd5 33.Qc2 Qe7 34.Qf2 
Qe4 0-1

[Event "53rd World U20 ch"]
[Site "Pune IND"]
[Date "2014.10.10"]
[Round "5.59"]
[White "Nader, Mohamed"]
[Black "Vandewiele, Emiel"]
[Result "0-1"]
[WhiteElo "2098"]
[BlackElo "1882"]
[EventDate "2014.10.06"]
[PlyCount "128"]

1.d4 c5 2.e3 Nf6 3.Nf3 e6 4.c3 b6 5.Bd3 Bb7 6.Nbd2 Be7 7.O-O Nc6 8.a3 a5 
9.e4 d5 10.e5 Nd7 11.Qe2 Qc8 12.Qe3 Ba6 13.Bxa6 Qxa6 14.Ne1 O-O 15.Kh1 f6 
16.exf6 Rxf6 17.Nef3 Bd6 18.dxc5 bxc5 19.c4 Nde5 20.cxd5 exd5 21.Qb3 c4 
22.Qd1 Nd3 23.Nb1 d4 24.Nbd2 Qb5 25.Qc2 Nce5 26.Nxe5 Qxe5 27.Qxc4+ Kh8 28.
f4 Qe2 29.Qd5 Re8 30.Qf3 Rxf4 31.Qxe2 Rxe2 32.Nf3 Nf2+ 33.Rxf2 Rxf3 34.
gxf3 Rxf2 35.Kg1 Rxh2 36.b4 d3 37.Be3 Re2 38.Bf2 Rc2 39.Rd1 d2 40.Be3 axb4
41.Bxd2 bxa3 42.Bb4 a2 43.Bxd6 Rb2 44.Be5 Rb1 45.Rf1 Kg8 46.Kf2 h5 47.Ke2 
Kf7 48.Rd1 g5 49.Rd2 Ke6 50.f4 gxf4 51.Rxa2 Kxe5 52.Ra5+ Ke4 53.Rxh5 Rb2+ 
54.Kf1 Ke3 55.Ra5 Rb1+ 56.Kg2 f3+ 57.Kg3 Rg1+ 58.Kh2 f2 59.Ra3+ Kd4 60.
Ra4+ Kc3 61.Ra3+ Kb4 62.Rf3 f1=Q 63.Rb3+ Kc5 64.Rc3+ Kd4 0-1

[Event "53rd World U20 ch"]
[Site "Pune IND"]
[Date "2014.10.10"]
[Round "5.60"]
[White "Godbole, Atharva"]
[Black "Stamos, Filippos"]
[Result "1/2-1/2"]
[WhiteElo "2009"]
[BlackElo "2076"]
[EventDate "2014.10.06"]
[PlyCount "61"]

1.e4 c5 2.Nf3 d6 3.d4 cxd4 4.Nxd4 Nf6 5.Nc3 Nc6 6.Bc4 e6 7.Be3 a6 8.Bb3 
Qc7 9.O-O Na5 10.f4 b5 11.a3 Nxb3 12.cxb3 Bb7 13.Rc1 Qd7 14.Qf3 Be7 15.g4 
Rc8 16.g5 Rxc3 17.bxc3 Nxe4 18.Qg4 g6 19.c4 h5 20.Qe2 e5 21.fxe5 dxe5 22.
Nf3 Qg4+ 23.Qg2 Qe6 24.Qe2 O-O 25.cxb5 axb5 26.b4 Bd5 27.Rfd1 Bb3 28.Re1 
Bc4 29.Rxc4 bxc4 30.Bc1 Qb6+ 31.Kg2 1/2-1/2

[Event "53rd World U20 ch"]
[Site "Pune IND"]
[Date "2014.10.10"]
[Round "5.61"]
[White "Sai Agni Jeevitesh, J."]
[Black "Kumar, Gaurav"]
[Result "0-1"]
[WhiteElo "2068"]
[BlackElo "1945"]
[EventDate "2014.10.06"]
[PlyCount "62"]

1.d4 Nf6 2.c4 e6 3.Nc3 d5 4.cxd5 exd5 5.Bg5 Be7 6.e3 c6 7.Qc2 O-O 8.Bd3 
Nbd7 9.Nge2 Re8 10.O-O Nf8 11.f3 g6 12.Rad1 Ne6 13.Bh4 Ng7 14.Bf2 b6 15.h3
Bb7 16.e4 Rc8 17.a3 a6 18.Qb3 b5 19.Bb1 Qa5 20.Nf4 dxe4 21.fxe4 c5 22.dxc5
Bxc5 23.Bxc5 Rxc5 24.Nxg6 hxg6 25.Rxf6 Rc4 26.Ba2 Nh5 27.Rf2 Qb6 28.Rd7 
Bxe4 29.Qd1 Bc2 30.Qxc2 Re1+ 31.Kh2 Qb8+ 0-1

[Event "53rd World U20 ch"]
[Site "Pune IND"]
[Date "2014.10.10"]
[Round "5.62"]
[White "Arjun, Satheesh"]
[Black "Horton, Jamie"]
[Result "1-0"]
[WhiteElo "2004"]
[BlackElo "2064"]
[EventDate "2014.10.06"]
[PlyCount "70"]

1.d4 Nf6 2.c4 e6 3.Nc3 d5 4.Nf3 Be7 5.Bf4 O-O 6.e3 Nbd7 7.Bd3 c6 8.h3 Re8 
9.O-O Nf8 10.Qc2 Bd6 11.Bxd6 Qxd6 12.Ne5 dxc4 13.Nxc4 Qc7 14.b4 N8d7 15.
Ne4 Nxe4 16.Bxe4 h6 17.f4 Nf6 18.a3 Qe7 19.Bf3 Bd7 20.e4 Rec8 21.Rfe1 Rab8
22.e5 Ne8 23.Rad1 b6 24.Qd2 c5 25.dxc5 Ba4 26.Rc1 bxc5 27.Nd6 Rc7 28.bxc5 
Bc6 29.Bxc6 Rxc6 30.Rb1 Qc7 31.Rxb8 Qxb8 32.Rc1 Nc7 33.Nxf7 Nd5 34.Nd6 Qb3
35.f5 Qxa3 1-0

[Event "53rd World U20 ch"]
[Site "Pune IND"]
[Date "2014.10.10"]
[Round "5.64"]
[White "Sammed Jaykumar, Shete"]
[Black "Wagh, Suyog"]
[Result "1/2-1/2"]
[WhiteElo "2139"]
[BlackElo "2001"]
[EventDate "2014.10.06"]
[PlyCount "72"]

1.e4 c5 2.c3 d5 3.exd5 Qxd5 4.d4 g6 5.Nf3 Bg7 6.Na3 cxd4 7.Bc4 Qe4+ 8.Be3 
Nh6 9.cxd4 O-O 10.O-O Bg4 11.Bxh6 Bxh6 12.Re1 Qf4 13.Rxe7 Nc6 14.Rxb7 Rab8
15.Rxb8 Rxb8 16.b3 Bg7 17.Nc2 Rd8 18.Qc1 Qxc1+ 19.Rxc1 Bxf3 20.gxf3 Nxd4 
21.Ne1 Kf8 22.Kf1 Rc8 23.Rd1 Rc5 24.f4 Ra5 25.a4 Rc5 26.Ng2 Rh5 27.h4 Rc5 
28.Ne3 Rh5 29.Ng2 Rc5 30.Rd3 a5 31.Ke1 Bf6 32.Kd2 h5 33.Kd1 Rc8 34.Ne3 Nc6
35.Rd7 Rd8 36.Rxd8+ Bxd8 1/2-1/2

[Event "53rd World U20 ch"]
[Site "Pune IND"]
[Date "2014.10.10"]
[Round "5.65"]
[White "Manush, Shah"]
[Black "Nitish, Belurkar"]
[Result "1/2-1/2"]
[WhiteElo "2038"]
[BlackElo "2046"]
[EventDate "2014.10.06"]
[PlyCount "113"]

1.d4 d6 2.c4 e5 3.Nf3 exd4 4.Nxd4 g6 5.Nc3 Bg7 6.e4 Ne7 7.Be3 Nbc6 8.Be2 
O-O 9.Qd2 f5 10.exf5 Bxd4 11.fxg6 Bxe3 12.gxh7+ Kxh7 13.Qxe3 Nf5 14.Qd2 
Qh4 15.g3 Qh6 16.Nd5 Qxd2+ 17.Kxd2 Nfd4 18.Bd3+ Bf5 19.f4 Rae8 20.Raf1 
Bxd3 21.Kxd3 Ne6 22.Re1 a5 23.Kc3 Ncd4 24.Nxc7 Nxc7 25.Kxd4 b6 26.Rhf1 Kg6
27.h3 Rh8 28.Rxe8 Rxe8 29.g4 Re2 30.f5+ Kf7 31.g5 Rxb2 32.h4 Rh2 33.Rf4 
Rh3 34.a4 Rh1 35.Rg4 Rd1+ 36.Ke4 Re1+ 37.Kd4 Re5 38.Rf4 Ne8 39.f6 Nc7 40.
Re4 Ne6+ 41.Ke3 Nc5 42.Rxe5 dxe5 43.h5 Nd7 44.Ke4 Ke6 45.h6 Nf8 46.f7 Ng6 
47.h7 Kxf7 48.Kf5 Kg7 49.h8=Q+ Nxh8 50.Kxe5 Nf7+ 51.Kd5 Kg6 52.Kc6 Ne5+ 
53.Kxb6 Nxc4+ 54.Kb5 Nb2 55.Kxa5 Kxg5 56.Kb5 Nxa4 57.Kxa4 1/2-1/2

[Event "53rd World U20 ch"]
[Site "Pune IND"]
[Date "2014.10.10"]
[Round "5.66"]
[White "Reddy, Ananta"]
[Black "Grahesh, Y."]
[Result "0-1"]
[WhiteElo "1420"]
[BlackElo "1919"]
[EventDate "2014.10.06"]
[PlyCount "112"]

1.c4 c5 2.g3 Nf6 3.Bg2 d5 4.cxd5 Nxd5 5.Nc3 Nb6 6.Nf3 Nc6 7.O-O e5 8.Ne1 
Bd7 9.d3 Be7 10.Be3 O-O 11.f4 exf4 12.Bxf4 Rc8 13.Rc1 Be6 14.Nf3 Nd5 15.
Nxd5 Bxd5 16.b3 Bf6 17.Be3 b6 18.Bh3 Qe7 19.Bf2 Rcd8 20.Re1 Bxf3 21.exf3 
Qd6 22.Bf1 Nb4 23.Qe2 Qxd3 24.Qxd3 Nxd3 25.Bxd3 Rxd3 26.Re3 Rxe3 27.Bxe3 
Rd8 28.Re1 h5 29.Kf2 Kh7 30.Ke2 Re8 31.Kf2 Rd8 32.Ke2 Bd4 33.Rd1 Re8 34.
Rd3 Kg6 35.Kd2 Bxe3+ 36.Rxe3 Rxe3 37.Kxe3 Kf5 38.Kd3 b5 39.a3 Ke5 40.f4+ 
Kd5 41.h3 f5 42.a4 bxa4 43.bxa4 c4+ 44.Kc3 a5 45.Kc2 Kd4 46.Kd2 c3+ 47.Kc2
Kc4 48.Kc1 Kb3 49.Kb1 Kxa4 50.Kc2 Kb4 51.Kc1 Kb3 52.Kb1 a4 53.h4 c2+ 54.
Kc1 a3 55.g4 fxg4 56.f5 a2 0-1

[Event "53rd World U20 ch"]
[Site "Pune IND"]
[Date "2014.10.11"]
[Round "6.1"]
[White "Lu Shanglei"]
[Black "Cori Tello, Jorge"]
[Result "1/2-1/2"]
[WhiteElo "2533"]
[BlackElo "2612"]
[EventDate "2014.10.06"]
[PlyCount "188"]

1.e4 c5 2.Nf3 e6 3.d4 cxd4 4.Nxd4 Nc6 5.Nc3 Qc7 6.g3 a6 7.Bg2 d6 8.O-O Bd7
9.Re1 Be7 10.Nxc6 Bxc6 11.Qg4 h5 12.Qe2 h4 13.a4 Rc8 14.Bf4 hxg3 15.hxg3 
Nf6 16.Rad1 Kf8 17.Qd2 Ne8 18.Bg5 Bxg5 19.Qxg5 Qb6 20.b3 Bd7 21.Qd2 Rh5 
22.e5 Qa5 23.Ne4 Qxd2 24.Nxd2 Bc6 25.exd6 Nxd6 26.Bxc6 bxc6 27.b4 Rd5 28.
c4 Rd4 29.c5 Ne8 30.Nf3 Rxb4 31.Rd7 Rc7 32.Red1 f6 33.Rxc7 Nxc7 34.Rd6 Ke8
35.Nd4 Rxa4 36.Nxc6 Nb5 37.Rd8+ Kf7 38.Rd7+ Kg6 39.Nd8 Kf5 40.Rxg7 Rd4 41.
Nb7 e5 42.Kg2 Rc4 43.Rg8 Rc2 44.Ra8 Nc7 45.Rc8 Nd5 46.Nd6+ Ke6 47.Ne4 f5 
48.Rc6+ Ke7 49.Nd6 Kd7 50.Rxa6 Nb4 51.Ra3 Ke6 52.Rf3 e4 53.Rxf5 e3 54.Rf3 
exf2 55.Ne4 Rc4 56.Rf4 Kd5 57.Nf6+ Kxc5 58.Nd7+ Kb5 59.Rf5+ Ka6 60.Rxf2 
Kb7 61.Rf7 Rc2+ 62.Kh3 Kc6 63.g4 Kd6 64.g5 Nd5 65.g6 Rc1 66.Kh4 Rg1 67.Nf8
Ne7 68.Kh5 Rh1+ 69.Kg5 Rg1+ 70.Kh6 Nxg6 71.Nxg6 Ke6 72.Kg7 Kd6 73.Rf2 Ke6 
74.Re2+ Kd6 75.Kf6 Rf1+ 76.Kg5 Rf7 77.Nh4 Rf1 78.Nf5+ Kc5 79.Rd2 Re1 80.
Kf4 Re8 81.Nd6 Re7 82.Ne4+ Kc6 83.Rd6+ Kc7 84.Rh6 Re8 85.Nc5 Re2 86.Ne4 
Ra2 87.Ke5 Ra5+ 88.Kd4 Rf5 89.Nc3 Kd7 90.Ne4 Ke7 91.Rh7+ Ke6 92.Rf7 Rxf7 
93.Ng5+ Kf6 94.Nxf7 Kxf7 1/2-1/2

[Event "53rd World U20 ch"]
[Site "Pune IND"]
[Date "2014.10.11"]
[Round "6.2"]
[White "Fedoseev, Vladimir"]
[Black "Sunilduth Lyna, Narayanan"]
[Result "1/2-1/2"]
[WhiteElo "2661"]
[BlackElo "2420"]
[EventDate "2014.10.06"]
[PlyCount "151"]

1.d4 Nf6 2.c4 e6 3.Nc3 Bb4 4.Qc2 c5 5.Nf3 cxd4 6.Nxd4 Nc6 7.Nxc6 dxc6 8.a3
Be7 9.Bf4 Qa5 10.e3 Nh5 11.Bd3 e5 12.Bg3 g6 13.Be2 Nxg3 14.hxg3 Be6 15.O-O
O-O 16.b4 Qc7 17.c5 b6 18.cxb6 axb6 19.Ne4 c5 20.bxc5 Bxc5 21.Nxc5 Ra5 22.
Rfc1 Rxc5 23.Qb2 Rc8 24.Rxc5 Qxc5 25.a4 Qc2 26.Qb5 Qc3 27.Rb1 Ba2 28.Rf1 
Bc4 29.Bxc4 Qxc4 30.Qxb6 Qxa4 31.Qf6 e4 32.Ra1 Qc6 33.Qf4 Qd5 34.g4 Re8 
35.Ra7 Qe6 36.Kh2 h6 37.Qxh6 Qxg4 38.Ra5 Qe6 39.Qf4 Kg7 40.Kg3 Kg8 41.Rb5 
Kg7 42.Rb8 Rxb8 43.Qxb8 g5 44.Kh2 Qg4 45.Qe5+ Kg6 46.Qd6+ f6 47.Qd5 Kg7 
48.Kg1 Qe2 49.Qd7+ Kf8 50.g4 Qf3 51.Kf1 Qh1+ 52.Ke2 Qf3+ 53.Ke1 Qh1+ 54.
Kd2 Qf1 55.Qc8+ Kf7 56.Qb7+ Kf8 57.Qxe4 Qxf2+ 58.Kd3 Kf7 59.Qd5+ Ke7 60.
Qc5+ Ke6 61.Qc4+ Ke5 62.Qb5+ Ke6 63.Qb3+ Ke5 64.Qc3+ Ke6 65.Kd4 Qf3 66.
Qc8+ Kd6 67.Qd8+ Ke6 68.Qe8+ Kd6 69.Qb8+ Ke6 70.Qb3+ Ke7 71.Qa3+ Ke6 72.
Qa2+ Ke7 73.Qa7+ Ke6 74.Qa6+ Ke7 75.Qa7+ Ke6 76.Qa6+ 1/2-1/2

[Event "53rd World U20 ch"]
[Site "Pune IND"]
[Date "2014.10.11"]
[Round "6.4"]
[White "Bai Jinshi"]
[Black "Bok, Benjamin"]
[Result "1/2-1/2"]
[WhiteElo "2406"]
[BlackElo "2591"]
[EventDate "2014.10.06"]
[PlyCount "71"]

1.d4 Nf6 2.c4 e6 3.g3 c5 4.d5 exd5 5.cxd5 d6 6.Nc3 g6 7.Bg2 Bg7 8.Nf3 O-O 
9.O-O Re8 10.Re1 a6 11.a4 Nbd7 12.e4 Ng4 13.Nd2 Nge5 14.Bf1 Nf6 15.a5 g5 
16.h3 Rb8 17.f4 gxf4 18.gxf4 Ng6 19.Nc4 Qe7 20.Qf3 Nd7 21.Be3 b5 22.axb6 
Nxb6 23.Nd2 Kh8 24.Kh2 Qh4 25.Qg3 Qxg3+ 26.Kxg3 f5 27.Bxa6 Bxa6 28.Rxa6 
Ne7 29.Kf3 fxe4+ 30.Ndxe4 Nexd5 31.Nxd6 Rf8 32.Bd2 Nxc3 33.Bxc3 Bxc3 34.
bxc3 Nd5 35.f5 Rb3 36.Re8 1/2-1/2

[Event "53rd World U20 ch"]
[Site "Pune IND"]
[Date "2014.10.11"]
[Round "6.5"]
[White "Bersamina, Paulo"]
[Black "Antipov, Mikhail"]
[Result "0-1"]
[WhiteElo "2380"]
[BlackElo "2524"]
[EventDate "2014.10.06"]
[PlyCount "102"]

1.e4 c5 2.Nc3 d6 3.f4 Nc6 4.Nf3 g6 5.Bb5 Bd7 6.O-O Bg7 7.Bc4 Nd4 8.Nxd4 
cxd4 9.Ne2 Bc6 10.Bd3 h5 11.Ng3 h4 12.Nh1 e5 13.b4 exf4 14.Rxf4 Be5 15.Rf1
h3 16.g3 Nf6 17.Qe2 Rc8 18.b5 Bd7 19.Nf2 Be6 20.a4 Nh5 21.Qf3 Qg5 22.Kh1 
f5 23.exf5 gxf5 24.Ba3 Nf6 25.Rae1 Kd7 26.Kg1 Bxg3 27.Rxe6 Bf4+ 28.Ng4 
Kxe6 29.Qxf4 Qxg4+ 30.Qxg4 fxg4 31.Re1+ Kd5 32.Re7 Rce8 33.Rg7 Rhg8 34.Rc7
g3 35.Bc4+ Ke4 36.Rf7 gxh2+ 37.Kxh2 Ng4+ 38.Kxh3 Ne5 39.d3+ Ke3 40.Bc1+ 
Ke2 41.Rxb7 Nxc4 42.dxc4 Rg6 43.Rh7 Kd1 44.Bb2 Re3+ 45.Kh2 Rg4 46.Rxa7 
Kxc2 47.a5 d3 48.Rd7 Kxb2 49.Rxd6 Rxc4 50.Kg1 Rc2 51.Kf1 d2 0-1

[Event "53rd World U20 ch"]
[Site "Pune IND"]
[Date "2014.10.11"]
[Round "6.6"]
[White "Van Kampen, Robin"]
[Black "Das, Sayantan"]
[Result "1/2-1/2"]
[WhiteElo "2641"]
[BlackElo "2456"]
[EventDate "2014.10.06"]
[PlyCount "149"]

1.e4 e5 2.Nf3 Nc6 3.Bb5 a6 4.Ba4 d6 5.c3 Bd7 6.d4 g6 7.Bg5 f6 8.Be3 Bg7 9.
O-O Nh6 10.Bb3 Qe7 11.h3 Nf7 12.Nbd2 O-O 13.Bd5 Kh8 14.Re1 Rae8 15.Qb3 Rb8
16.Rad1 Ng5 17.a3 Nxf3+ 18.Nxf3 Qe8 19.Qc2 Ne7 20.Ba2 b6 21.b4 f5 22.dxe5 
dxe5 23.Ng5 f4 24.Bc1 Nc6 25.Qd3 Bc8 26.Qd5 Bf6 27.Ne6 Bxe6 28.Qxe6 Qxe6 
29.Bxe6 Rbd8 30.Kf1 Rxd1 31.Rxd1 Rd8 32.Rxd8+ Bxd8 33.Ke2 Kg7 34.Bc8 Nb8 
35.g3 fxg3 36.fxg3 Kf7 37.h4 Ke7 38.Bg5+ Ke8 39.Be3 Ke7 40.Kd3 Kd6 41.a4 
c6 42.Bh6 Kc7 43.Be6 Nd7 44.Ke3 Be7 45.Kf3 b5 46.axb5 axb5 47.Bg8 Nf6 48.
Bf7 Nd7 49.Bg7 Bf6 50.Bh6 Be7 51.Ba2 Kd6 52.Be3 Kc7 53.Bg8 Nf6 54.Bb3 Nd7 
55.Bf2 Kd6 56.Be3 Kc7 57.Bf7 Kd6 58.Bd2 Kc7 59.h5 gxh5 60.Bxh5 Nf6 61.Bf7 
Bf8 62.Bg5 Bg7 63.Be3 Bf8 64.Be6 h6 65.Bf5 Kb7 66.Kg2 Kc7 67.Kh3 Kb7 68.g4
Kc7 69.Kh4 Be7 70.Kh3 Ng8 71.Bh7 Nf6 72.Bg6 Ng8 73.Bf7 Nf6 74.Bg6 Ng8 75.
Bh7 1/2-1/2

[Event "53rd World U20 ch"]
[Site "Pune IND"]
[Date "2014.10.11"]
[Round "6.7"]
[White "Vidit, Santosh Gujrathi"]
[Black "Tari, Aryan"]
[Result "0-1"]
[WhiteElo "2635"]
[BlackElo "2450"]
[EventDate "2014.10.06"]
[PlyCount "90"]

1.d4 Nf6 2.c4 e6 3.Nf3 b6 4.g3 Ba6 5.Qc2 c5 6.d5 exd5 7.cxd5 Bb7 8.Bg2 
Nxd5 9.O-O Be7 10.Rd1 Nc6 11.Qa4 Nf6 12.Nh4 g6 13.Bh6 Qc8 14.Nc3 Nd4 15.
Bg7 Rg8 16.Bxf6 Bxf6 17.Nd5 Bd8 18.Rd2 Kf8 19.Rad1 g5 20.Rxd4 cxd4 21.Nf5 
Qc5 22.Rxd4 Rg6 23.b4 Qc6 24.b5 Qc1+ 25.Rd1 Qc5 26.Nde3 Bxg2 27.Kxg2 d6 
28.Rd5 Qc7 29.Nd4 Bf6 30.Nc6 Re8 31.Rd2 Bh8 32.Nd5 Qd7 33.Qxa7 Qg4 34.h3 
Qe4+ 35.Kh2 Rh6 36.Qd7 Ree6 37.f3 Qf5 38.Qd8+ Re8 39.g4 Be5+ 40.Kg2 Qb1 
41.Qxg5 Rxh3 42.Nxe5 Qh1+ 43.Kf2 Rh2+ 44.Kg3 Rg2+ 45.Kf4 Qh2+ 0-1

[Event "53rd World U20 ch"]
[Site "Pune IND"]
[Date "2014.10.11"]
[Round "6.8"]
[White "Duda, Jan-Krzysztof"]
[Black "Narayanan, Srinath"]
[Result "1/2-1/2"]
[WhiteElo "2599"]
[BlackElo "2443"]
[EventDate "2014.10.06"]
[PlyCount "74"]

1.e4 c5 2.Nf3 d6 3.d4 cxd4 4.Nxd4 Nf6 5.Nc3 a6 6.h3 e6 7.g4 Be7 8.Bg2 Nfd7
9.Be3 Nc6 10.h4 Qc7 11.Qe2 O-O 12.g5 Nxd4 13.Bxd4 b5 14.a3 Bb7 15.O-O Qc4 
16.Qxc4 bxc4 17.Rad1 Rab8 18.Ba7 Ra8 19.Be3 Ne5 20.f4 Ng4 21.Bb6 Rab8 22.
Bh3 Bc6 23.Bd4 h5 24.Bxg4 hxg4 25.f5 e5 26.Be3 Rxb2 27.f6 gxf6 28.gxf6 Bd8
29.Rxd6 Rxc2 30.Rxc6 Rxc3 31.Bc5 Re8 32.Rf5 Rd3 33.Kg2 Ba5 34.Rg5+ Kh8 35.
Rh5+ Kg8 36.Rg5+ Kh8 37.Rh5+ Kg8 1/2-1/2

[Event "53rd World U20 ch"]
[Site "Pune IND"]
[Date "2014.10.11"]
[Round "6.9"]
[White "Grigorian, Karen H."]
[Black "Repka, Christopher"]
[Result "1-0"]
[WhiteElo "2591"]
[BlackElo "2418"]
[EventDate "2014.10.06"]
[PlyCount "41"]

1.c4 Nf6 2.Nc3 e5 3.g3 Nc6 4.Bg2 Bc5 5.e3 d6 6.Nge2 Bf5 7.d4 Bb6 8.h3 O-O 
9.d5 Nb8 10.g4 Bg6 11.Ng3 Nfd7 12.h4 h5 13.gxh5 Bh7 14.h6 gxh6 15.e4 Kh8 
16.Bh3 Rg8 17.Bf5 Qf6 18.Qh5 Bxf5 19.exf5 Qg7 20.Bxh6 Bxf2+ 21.Ke2 1-0

[Event "53rd World U20 ch"]
[Site "Pune IND"]
[Date "2014.10.11"]
[Round "6.10"]
[White "Oparin, Grigory"]
[Black "Sai Vishwesh, Chandrakaladaran"]
[Result "1-0"]
[WhiteElo "2552"]
[BlackElo "2151"]
[EventDate "2014.10.06"]
[PlyCount "73"]

1.d4 Nf6 2.c4 c5 3.d5 b5 4.cxb5 a6 5.bxa6 g6 6.Nc3 Bxa6 7.e4 Bxf1 8.Kxf1 
d6 9.g3 Bg7 10.Kg2 O-O 11.Nf3 Nbd7 12.a4 Qb6 13.Qe2 Rfb8 14.Nb5 Ne8 15.Bg5
Kf8 16.Nd2 Nc7 17.Nc4 Qb7 18.Nxc7 Qxc7 19.a5 Ra7 20.Bf4 Rb4 21.Bd2 Rb3 22.
Bc3 Bxc3 23.bxc3 Qb7 24.Qd3 Ne5 25.Nxe5 dxe5 26.Rhb1 Rxb1 27.Rxb1 c4 28.
Qf1 Qc7 29.Rb5 Kg7 30.Qa1 Qd7 31.Rc5 Qg4 32.Rxc4 Qe2 33.Ra4 Rb7 34.Rb4 Ra7
35.Ra4 Rb7 36.a6 Rb2 37.Qxb2 1-0

[Event "53rd World U20 ch"]
[Site "Pune IND"]
[Date "2014.10.11"]
[Round "6.11"]
[White "Ghosh, Diptayan"]
[Black "Kovalev, Vladislav"]
[Result "1/2-1/2"]
[WhiteElo "2508"]
[BlackElo "2548"]
[EventDate "2014.10.06"]
[PlyCount "44"]

1.d4 Nf6 2.c4 g6 3.g3 Bg7 4.Bg2 O-O 5.Nc3 d6 6.Nf3 Nbd7 7.O-O e5 8.e4 exd4
9.Nxd4 Re8 10.h3 c6 11.Be3 Nc5 12.Qc2 a5 13.Rad1 Qe7 14.Rfe1 a4 15.f3 Nfd7
16.Bf2 Ne5 17.b3 axb3 18.axb3 Ra3 19.Nb1 Ra8 20.Nc3 Ra3 21.Nb1 Ra8 22.Nc3 
Ra3 1/2-1/2